Normal view
MARC view
- Supervison Dr. Ali Hassan
Entry Personal Name
001 - CONTROL NUMBER
- control field: 70083
003 - CONTROL NUMBER IDENTIFIER
- control field: NUST
005 - DATE AND TIME OF LATEST TRANSACTION
- control field: 20210628204351.0
008 - FIXED-LENGTH DATA ELEMENTS
- fixed length control field: 210628|| aca||aabn | a|a d
040 ## - CATALOGING SOURCE
- Original cataloging agency: NUST
- Transcribing agency: NUST
100 ## - HEADING--PERSONAL NAME
- Personal name: Supervison Dr. Ali Hassan
670 ## - SOURCE DATA FOUND
- Source citation: Work cat.: (NUST): Hassan Akhtar. 70082, TH-SOF-1236-Classification of MRCP based Task Parameters, 2016
